[Event "FIDE Womens World Cup 2021"]
[Site "Sochi"]
[Date "2021.07.20"]
[Round "3.4"]
[White "Shuvalova, Polina"]
[Black "Garifullina, Leya"]
[Result "1-0"]
[WhiteElo "2489"]
[BlackElo "2390"]
[Annotator "ChessBase"]
[PlyCount "73"]
[EventDate "2021.07.12"]
[EventType "k.o."]
[EventCountry "RUS"]
[SourceTitle "playchess.com"]
[Source "ChessBase"]
[SourceQuality "1"]
[TimeControl "1500+10"]

1. e4 {[%emt 0:00:02]} c5 {[%emt 0:00:02]} 2. c3 {[%emt 0:00:02]} d5 {[%emt 0:00:02]} 3. exd5 {[%emt 0:00:03]} Qxd5 {[%emt 0:00:02]} 4. d4 {[%emt 0:00:06]} Nf6 {[%emt 0:00:23]} 5. Nf3 {[%emt 0:00:02]} Nc6 {[%emt 0:00:02]} 6. Na3 {[%emt 0:00:03]} Bg4 {[%emt 0:00:17]} 7. Bc4 {[%emt 0:02:44]} Bxf3 {[%emt 0:00:16]} 8. gxf3 {[%emt 0:01:34]} Qh5 {[%emt 0:00:17]} 9. dxc5 {[%emt 0:00:28]} Qxc5 {[%emt 0:00:39]} 10. Be3 {[%emt 0:00:17]} Qh5 {[%emt 0:01:33]} 11. Nb5 {[%emt 0:04:45]} Qe5 {[%emt 0:01:44]} 12. f4 {[%emt 0:00:46]} Qb8 {[%emt 0:00:05]} 13. Qb3 {[%emt 0:00:38]} e6 {[%emt 0:02:50]} 14. f5 {[%emt 0:00:02]} a6 {[%emt 0:01:46]} 15. fxe6 {[%emt 0:00:57]} fxe6 {[%emt 0:00:02]} 16. Bxe6 {[%emt 0:00:37]} Be7 {[%emt 0:01:16]} 17. Nd4 {[%emt 0:00:20]} Nxd4 {[%emt 0:00:02]} 18. Bxd4 {[%emt 0:00:12]} Qf4 {[%emt 0:00:32]} 19. Be3 {[%emt 0:01:57]} Qf3 {[%emt 0:00:15]} 20. Rg1 {[%emt 0:00:03]} Kf8 {[%emt 0:00:03]} 21. Rd1 {[%emt 0:00:15]} Re8 {[%emt 0:01:06]} 22. Qa4 {[%emt 0:00:33]} h5 {[%emt 0:00:49]} 23. h3 {[%emt 0:00:34]} b5 {[%emt 0:00:28]} 24. Qxa6 {[%emt 0:00:35]} b4 {[%emt 0:01:17]} 25. Rd3 {[%emt 0:02:38]} bxc3 {[%emt 0:00:31]} 26. bxc3 {[%emt 0:00:14]} Ra8 {[%emt 0:01:53]} 27. Qb5 {[%emt 0:00:42]} Qe4 {[%emt 0:00:58]} 28. Bb3 {[%emt 0:00:38]} Rc8 {[%emt 0:01:33]} 29. Ke2 {[%emt 0:01:08]} g6 {[%emt 0:03:07]} 30. Rd4 {[%emt 0:00:27]} Qf5 {[%emt 0:00:59]} 31. Qxf5 {[%emt 0:00:19]} gxf5 {[%emt 0:00:01]} 32. Rf4 {[%emt 0:00:02]} Rxc3 {[%emt 0:01:51]} 33. Rxf5 {[%emt 0:00:16]} Rc6 {[%emt 0:00:17]} 34. Bd4 {[%emt 0:00:30]} Rd6 {[%emt 0:00:07]} 35. Be5 {[%emt 0:01:22]} Ra6 {[%emt 0:00:22]} 36. Rg6 {[%emt 0:00:09]} Ke8 {[%emt 0:00:52]} 37. Bxf6 {[%emt 0:00:08]} 1-0

[Event "FIDE Womens World Cup 2021"]
[Site "Sochi"]
[Date "2021.07.20"]
[Round "3.4"]
[White "Ushenina, Anna"]
[Black "Muzychuk, Mariya"]
[Result "1-0"]
[WhiteElo "2429"]
[BlackElo "2550"]
[Annotator "TA"]
[PlyCount "89"]
[EventDate "2021.07.12"]
[EventType "k.o."]
[EventCountry "RUS"]
[SourceTitle "playchess.com"]
[Source "ChessBase"]
[SourceQuality "1"]

{[%evp 21,88,13,16,-8,0,-37,54,68,77,52,39,0,79,68,68,67,80,11,91,100,93,78,83,92,81,83,151,135,139,154,168,181,164,164,253,175,287,269,352,358,335,340,334,339,291,291,544,556,525,509,583,381,370,336,466,498,725,709,623,511,5143,5143,29991,29992,29994,29995,29995,29996,29999]} 1. d4 Nf6 2. c4 e6 3. Nf3 d5 4. Nc3 c6 5. e3 Nbd7 6. Qc2 Bd6 7. Bd3 O-O 8. O-O dxc4 9. Bxc4 b5 10. Bd3 Bb7 11. e4 $1 {[%mdl 4] now scores much better than the old 11.a3.} e5 12. Bg5 {D46: Semi-Slav: 5 e3 Nbd7 6 Bd3, Black avoids the Meran.} exd4 13. Nxd4 {[#]} Qb8 {[#]} ({Black should play} 13... Bxh2+ $1 $15 14. Kxh2 Ng4+ {[%mdl 64] Discovered Attack} 15. Kg3 Qxg5) 14. Kh1 $146 {White is slightly better.} ({Predecessor:} 14. h3 g6 15. Nb3 Nh5 16. Na5 Bf4 17. Bxf4 Nxf4 18. Ne2 Nxd3 19. Qxd3 Qc7 20. Nxb7 Qxb7 {0-1 (28) Kleibel,U (2172)-Sedlak,N (2576) Aschach 2013}) 14... Bf4 15. Bh4 Re8 16. Nde2 b4 (16... Bxh2 $11 17. f4 Ng4) 17. Nxf4 $16 Qxf4 18. Bg3 $36 {[%mdl 2048] White is pushing.} Qg5 19. f4 Qa5 (19... Qc5 $11) 20. Na4 $1 {Black is on the road to losing.} Ba6 21. Bxa6 Qxa6 22. e5 Nd5 {And now ...Ne3 would win.} 23. Rfe1 N7b6 (23... Qb5 $142) 24. Nc5 Qc4 {[#]} 25. Qf2 Ne7 26. Rac1 Qxa2 {[#]} 27. f5 $1 Nbd5 (27... g6 $142) 28. h4 h5 (28... g6 {was worth a try.}) 29. Rf1 $18 Nxf5 30. Qxf5 {[%mdl 64] Double Attack} Ne3 31. Qxh5 Nxf1 32. Rxf1 Qc4 {[#]} 33. Qf5 Re7 $2 (33... a6 34. Ne4 (34. e6 Re7 $18) 34... Qe6) (33... Qd5 34. Ne4) 34. Ne4 Rd8 35. Nd6 Qe6 {Black hopes to continue with ...Qxf5.} 36. Qf4 Qg6 37. Nf5 Rb7 38. Qf3 a5 (38... Kh7 $142 39. h5 Qe6) 39. h5 Qh7 40. Bh4 Rdd7 (40... Re8 $142 41. Nd6 {[%mdl 64] Double Attack, Discovered Attack} Rxe5 42. Nxb7 Qxh5) 41. e6 Rd5 42. exf7+ {White mates.} Rxf7 43. Ne7+ {[%mdl 64] Double Attack, Discovered Attack} Kh8 44. Qxf7 Qxh5 45. Qg8# {Weighted Error Value: White=0.20/Black=0.56} 1-0

[Event "FIDE Womens World Cup 2021"]
[Site "Sochi"]
[Date "2021.07.20"]
[Round "3.4"]
[White "Assaubayeva, Bibisara"]
[Black "Khotenashvili, Bela"]
[Result "1/2-1/2"]
[WhiteElo "2389"]
[BlackElo "2471"]
[Annotator "ChessBase"]
[PlyCount "176"]
[EventDate "2021.07.12"]
[EventType "k.o."]
[EventCountry "RUS"]
[SourceTitle "playchess.com"]
[Source "ChessBase"]
[SourceQuality "1"]
[TimeControl "1500+10"]

1. d4 {[%emt 0:00:10]} d5 {[%emt 0:00:10]} 2. c4 {[%emt 0:00:00]} e6 {[%emt 0:00:00]} 3. Nc3 {[%emt 0:00:00]} a6 {[%emt 0:00:00]} 4. c5 {[%emt 0:00:06]} e5 {[%emt 0:00:05]} 5. dxe5 {[%emt 0:00:39]} d4 {[%emt 0:00:07]} 6. Ne4 {[%emt 0:00:41]} Qd5 {[%emt 0:01:12]} 7. Ng3 {[%emt 0:00:23]} Bxc5 {[%emt 0:00:49]} 8. Nf3 {[%emt 0:00:02]} Ne7 {[%emt 0:00:38]} 9. Nh5 {[%emt 0:01:29]} O-O {[%emt 0:05:15]} 10. g3 {[%emt 0:00:15]} Nbc6 {[%emt 0:01:35]} 11. Nf4 {[%emt 0:00:30]} Qd8 {[%emt 0:05:50]} 12. Bg2 {[%emt 0:00:07]} Ng6 {[%emt 0:02:17]} 13. Nd3 {[%emt 0:06:09]} Bb6 {[%emt 0:00:06]} 14. h4 {[%emt 0:00:39]} Re8 {[%emt 0:00:53]} 15. Bg5 {[%emt 0:01:05]} Qd7 {[%emt 0:00:31]} 16. Bf4 {[%emt 0:02:20]} Nxf4 {[%emt 0:00:33]} 17. gxf4 {[%emt 0:00:02]} Ne7 {[%emt 0:00:42]} 18. Nd2 {[%emt 0:01:10]} Nf5 {[%emt 0:00:27]} 19. h5 {[%emt 0:00:26]} h6 {[%emt 0:00:23]} 20. Ne4 {[%emt 0:00:13]} Qe7 {[%emt 0:00:44]} 21. Qc2 {[%emt 0:00:44]} Ba5+ {[%emt 0:02:20]} 22. Kf1 {[%emt 0:00:09]} c6 {[%emt 0:00:25]} 23. Bh3 {[%emt 0:01:42]} Bc7 {[%emt 0:00:14]} 24. Bxf5 {[%emt 0:04:27]} Bxf5 {[%emt 0:00:01]} 25. f3 {[%emt 0:00:03]} Kh8 {[%emt 0:00:47]} 26. Kf2 {[%emt 0:02:14]} Rac8 {[%emt 0:00:02]} 27. Rag1 {[%emt 0:00:21]} Bb8 {[%emt 0:00:33]} 28. Qc5 {[%emt 0:01:10]} Qe6 {[%emt 0:02:42]} 29. Qxd4 {[%emt 0:00:32]} Rcd8 {[%emt 0:00:10]} 30. Qb6 {[%emt 0:00:45]} Qxa2 {[%emt 0:00:17]} 31. Rg3 {[%emt 0:00:15]} Rg8 {[%emt 0:00:15]} 32. Rhg1 {[%emt 0:00:11]} Rc8 {[%emt 0:00:12]} 33. Qxb7 {[%emt 0:00:19]} Qd5 {[%emt 0:00:08]} 34. Qxa6 {[%emt 0:00:22]} Rcd8 {[%emt 0:00:12]} 35. Qb7 {[%emt 0:00:29]} Rd7 {[%emt 0:00:08]} 36. Qb4 {[%emt 0:00:06]} Ba7+ {[%emt 0:00:02]} 37. Kf1 {[%emt 0:00:20]} Bxg1 {[%emt 0:00:01]} 38. Rxg1 {[%emt 0:00:06]} Bxe4 {[%emt 0:00:13]} 39. fxe4 {[%emt 0:00:27]} Qd4 {[%emt 0:00:15]} 40. e6 {[%emt 0:00:21]} Qxb4 {[%emt 0:00:16]} 41. Nxb4 {[%emt 0:00:01]} fxe6 {[%emt 0:00:12]} 42. Nxc6 {[%emt 0:00:01]} Rc8 {[%emt 0:00:13]} 43. Ne5 {[%emt 0:00:08]} Rc1+ {[%emt 0:00:10]} 44. Kf2 {[%emt 0:00:00]} Rxg1 {[%emt 0:00:01]} 45. Nxd7 {[%emt 0:00:08]} Rb1 {[%emt 0:00:14]} 46. Nc5 {[%emt 0:00:07]} Rxb2 {[%emt 0:00:06]} 47. Nxe6 {[%emt 0:00:01]} Kg8 {[%emt 0:00:05]} 48. f5 {[%emt 0:00:04]} Kf7 {[%emt 0:00:10]} 49. Kf3 {[%emt 0:00:01]} Kf6 {[%emt 0:00:02]} 50. Nf4 {[%emt 0:00:06]} Rb1 {[%emt 0:00:12]} 51. Ne6 {[%emt 0:00:21]} Rh1 {[%emt 0:00:24]} 52. Nf4 {[%emt 0:00:06]} Rf1+ {[%emt 0:00:09]} 53. Ke3 {[%emt 0:00:08]} Rg1 {[%emt 0:00:12]} 54. Kf3 {[%emt 0:00:05]} Ke5 {[%emt 0:00:09]} 55. Ng6+ {[%emt 0:00:05]} Kf6 {[%emt 0:00:01]} 56. Nf4 {[%emt 0:00:02]} Rb1 {[%emt 0:00:15]} 57. Ne6 {[%emt 0:00:04]} Rf1+ {[%emt 0:00:13]} 58. Ke3 {[%emt 0:00:04]} Rh1 {[%emt 0:00:10]} 59. Nf4 {[%emt 0:00:04]} Ra1 {[%emt 0:00:10]} 60. Kf3 {[%emt 0:00:02]} Ra3+ {[%emt 0:00:08]} 61. e3 {[%emt 0:00:13]} Ra1 {[%emt 0:00:01]} 62. Ne6 {[%emt 0:00:04]} Rf1+ {[%emt 0:00:11]} 63. Kg2 {[%emt 0:00:01]} Re1 {[%emt 0:00:04]} 64. Kf3 {[%emt 0:00:04]} Ra1 {[%emt 0:00:22]} 65. Nf4 {[%emt 0:00:15]} Ra7 {[%emt 0:00:12]} 66. Ne6 {[%emt 0:00:03]} Ke5 {[%emt 0:00:14]} 67. Nd4 {[%emt 0:00:08]} Ra1 {[%emt 0:00:06]} 68. Ne6 {[%emt 0:00:05]} Kf6 {[%emt 0:00:17]} 69. Nf4 {[%emt 0:00:11]} Rg1 {[%emt 0:00:11]} 70. Kf2 {[%emt 0:00:06]} Rh1 {[%emt 0:00:09]} 71. Kg2 {[%emt 0:00:03]} Rb1 {[%emt 0:00:04]} 72. Kf3 {[%emt 0:00:04]} Rf1+ {[%emt 0:00:18]} 73. Kg2 {[%emt 0:00:03]} Re1 {[%emt 0:00:03]} 74. Kf2 {[%emt 0:00:01]} Ra1 {[%emt 0:00:02]} 75. Kf3 {[%emt 0:00:02]} Ra7 {[%emt 0:00:05]} 76. Ne6 {[%emt 0:00:02]} Ra1 {[%emt 0:00:19]} 77. Nf4 {[%emt 0:00:04]} Rb1 {[%emt 0:00:17]} 78. Ne6 {[%emt 0:00:04]} Rf1+ {[%emt 0:00:12]} 79. Kg2 {[%emt 0:00:02]} Ra1 {[%emt 0:00:07]} 80. Kf3 {[%emt 0:00:04]} Rh1 {[%emt 0:00:13]} 81. Nf4 {[%emt 0:00:02]} Rg1 {[%emt 0:00:07]} 82. Kf2 {[%emt 0:00:02]} Rb1 {[%emt 0:00:04]} 83. Kf3 {[%emt 0:00:02]} Ra1 {[%emt 0:00:16]} 84. Ne6 {[%emt 0:00:04]} Rf1+ {[%emt 0:00:13]} 85. Kg2 {[%emt 0:00:02]} Ra1 {[%emt 0:00:06]} 86. Kf3 {[%emt 0:00:02]} Rb1 {[%emt 0:00:08]} 87. Nf4 {[%emt 0:00:03]} Rb7 {[%emt 0:00:18]} 88. Ne6 {[%emt 0:00:04]} Rb1 {[%emt 0:00:08]} 1/2-1/2

[Event "FIDE Womens World Cup 2021"]
[Site "Sochi"]
[Date "2021.07.20"]
[Round "3.5"]
[White "Ushenina, Anna"]
[Black "Muzychuk, Mariya"]
[Result "1-0"]
[WhiteElo "2429"]
[BlackElo "2550"]
[Annotator "TA"]
[PlyCount "108"]
[EventDate "2021.07.12"]
[EventType "k.o."]
[EventCountry "RUS"]
[SourceTitle "playchess.com"]
[Source "ChessBase"]
[SourceQuality "1"]

{[%evp 11,108,22,25,12,7,0,0,0,6,0,0,4,43,42,77,52,76,78,65,49,70,54,69,100,95,80,168,93,137,162,246,243,301,324,273,133,281,90,137,122,129,104,82,14,15,0,37,37,29,41,42,0,23,-108,-108,-117,-112,-117,-111,-113,-116,-105,-119,-109,-117,-118,-109,-117,-117,-183,-26,-30,-24,-33,-21,-22,7,0,9,0,0,0,0,0,0,0,0,0,0,0,0,0,26,25,111,8,41,35,760]} 1. d4 Nf6 2. c4 e6 3. Nf3 d5 4. g3 dxc4 5. Bg2 a6 6. O-O Nc6 7. Nbd2 {E04: Open Catalan: 5 Nf3.} b5 8. Ne5 {8.b3 is the fancy move.} Nxe5 9. Bxa8 {The position is equal.} Qxd4 {[#]} 10. Ne4 $1 {[#]} Qb6 $146 (10... Qa7 11. Nxf6+) ({Predecessor:} 10... Qxd1 11. Nxf6+ gxf6 12. Rxd1 Bc5 13. Bf4 Ke7 14. Bxe5 fxe5 15. Bc6 Rd8 16. Rxd8 Kxd8 {½-½ (30) Socko,B (2619)-Gavrilescu,D (2455) Graz 2020}) 11. Be3 c5 (11... Qb8 {with more complications.} 12. Nxf6+ gxf6 13. Bh1 Bb7 14. Bxb7 Qxb7 15. a4 Qc6) 12. a4 $36 {[%mdl 2048] Black is under pressure.} Be7 13. axb5 axb5 14. Nxf6+ $1 Bxf6 15. Qd2 $1 b4 16. Bg5 $1 O-O 17. Bxf6 gxf6 18. Qh6 Ng6 (18... f5 $16 {might work better.}) 19. Rfc1 (19. h4 $1 $18 {[%cal Rh4h5]}) 19... Ba6 20. Bf3 Rb8 (20... f5 $142 21. Rd1 Bb5) 21. h4 $1 $18 c3 22. bxc3 b3 {Hoping for ...b2.} 23. Rab1 (23. Rd1 $18) 23... Qa5 (23... Qd8 $16 {was worth a try.}) 24. Rb2 $2 (24. h5 $18 {and White stays clearly on top.} Ne5 25. Qxf6 Nxf3+ 26. exf3) 24... Qd8 25. Ra1 Bc4 26. Qe3 Qd6 27. Ra5 (27. h5 $16 Ne5 28. Qf4) 27... Ne5 $11 28. Be4 Rc8 29. h5 f5 30. Qg5+ Kf8 31. Qh6+ Kg8 {And now ...Qd8 would win.} 32. Bxf5 Qd1+ $17 {[%mdl 64] Double Attack} 33. Kg2 exf5 34. Qg5+ Kf8 {Strongly threatening ...Bd5+.} 35. Rd2 Bd5+ 36. f3 Bxf3+ $1 37. exf3 Qxf3+ {[%mdl 64] Double Attack} 38. Kg1 {Black must now prevent Rxc5!} Qg4 $1 ({Not} 38... Qxc3 39. Rd8+ Rxd8 40. Qxd8+ Kg7 41. Qg5+ Ng6 42. h6+ Kh8 43. Qd8+ Nf8 44. Qxf8#) 39. Qxg4 fxg4 {[%mdl 4096] Endgame KRR-KRN} 40. Rd5 {[#]} (40. Re2 $17 Nd3 41. Rb5) 40... Nf3+ $2 ({Black should play} 40... b2 $1 $19 41. Rb5 Nc4) 41. Kf2 $11 Rb8 {aiming for ...b2.} 42. Ra1 b2 43. Rb1 Rb3 44. Ke2 c4 45. Rc5 Rxc3 46. Rxb2 Nd4+ {[%mdl 64] Discovered Attack} 47. Kf2 Rf3+ 48. Kg2 c3 49. Rb7 {Threatens to win with h6.} Nf5 (49... h6 {is more complex.} 50. Rcc7 Nc2 51. Kh1 Ne1 52. Rb8+ Kg7) 50. Kh2 h6 ({Avoid the trap} 50... Nxg3 $2 51. h6 $18) 51. Rb4 Nxg3 52. Rxg4 Nf5 (52... Ne2 $11) 53. Rgc4 (53. Kg2 $16 Rf1 {[%mdl 64] Decoy} 54. Kxf1 (54. Rc8+ Ke7 $16) 54... Ne3+ 55. Ke2 Nxg4 56. Rxc3) 53... Rf2+ 54. Kg1 {[%mdl 1024] White has compensation.} Rd2 $2 {[%mdl 8192] Weighted Error Value: White=0.21/Black=0.24} (54... Rf3 $14) 1-0

[Event "FIDE Womens World Cup 2021"]
[Site "Sochi"]
[Date "2021.07.20"]
[Round "3.5"]
[White "Garifullina, Leya"]
[Black "Shuvalova, Polina"]
[Result "0-1"]
[WhiteElo "2390"]
[BlackElo "2489"]
[Annotator "ChessBase"]
[PlyCount "70"]
[EventDate "2021.07.12"]
[EventType "k.o."]
[EventCountry "RUS"]
[SourceTitle "playchess.com"]
[Source "ChessBase"]
[SourceQuality "1"]
[TimeControl "600+10"]

1. e4 {[%emt 0:00:02]} e5 {[%emt 0:00:01]} 2. Nf3 {[%emt 0:00:01]} Nc6 {[%emt 0:00:01]} 3. Bb5 {[%emt 0:00:01]} a6 {[%emt 0:00:01]} 4. Ba4 {[%emt 0:00:01]} Nf6 {[%emt 0:00:02]} 5. O-O {[%emt 0:00:02]} Be7 {[%emt 0:00:02]} 6. Re1 {[%emt 0:00:02]} b5 {[%emt 0:00:04]} 7. Bb3 {[%emt 0:00:01]} O-O {[%emt 0:00:02]} 8. a4 {[%emt 0:00:01]} Bb7 {[%emt 0:00:47]} 9. d3 {[%emt 0:00:42]} d6 {[%emt 0:00:04]} 10. Nbd2 {[%emt 0:00:14]} Qd7 {[%emt 0:00:50]} 11. c3 {[%emt 0:00:13]} Rfe8 {[%emt 0:00:22]} 12. Nf1 {[%emt 0:00:05]} h6 {[%emt 0:00:20]} 13. Ng3 {[%emt 0:00:05]} Bf8 {[%emt 0:00:02]} 14. d4 {[%emt 0:00:11]} Rad8 {[%emt 0:00:22]} 15. axb5 {[%emt 0:00:06]} axb5 {[%emt 0:00:03]} 16. d5 {[%emt 0:00:14]} Ne7 {[%emt 0:00:03]} 17. Qe2 {[%emt 0:00:41]} c6 {[%emt 0:00:07]} 18. dxc6 {[%emt 0:00:02]} Bxc6 {[%emt 0:00:06]} 19. h3 {[%emt 0:00:44]} Ng6 {[%emt 0:00:31]} 20. Qe3 {[%emt 0:00:43]} Ra8 {[%emt 0:00:15]} 21. Rxa8 {[%emt 0:00:02]} Rxa8 {[%emt 0:00:06]} 22. Rd1 {[%emt 0:00:15]} Qb7 {[%emt 0:00:05]} 23. Bc2 {[%emt 0:00:33]} Re8 {[%emt 0:01:24]} 24. Qe1 {[%emt 0:01:06]} Nf4 {[%emt 0:01:07]} 25. Nh2 {[%emt 0:01:29]} d5 {[%emt 0:01:28]} 26. f3 {[%emt 0:00:40]} b4 {[%emt 0:00:57]} 27. Ng4 {[%emt 0:00:20]} Nxg4 {[%emt 0:00:15]} 28. hxg4 {[%emt 0:00:01]} bxc3 {[%emt 0:00:44]} 29. bxc3 {[%emt 0:00:02]} Bc5+ {[%emt 0:00:49]} 30. Be3 {[%emt 0:00:03]} Qa7 {[%emt 0:00:07]} 31. Bf2 {[%emt 0:00:13]} dxe4 {[%emt 0:00:38]} 32. Bxe4 {[%emt 0:00:05]} Bxe4 {[%emt 0:00:17]} 33. Nxe4 {[%emt 0:00:02]} Bxf2+ {[%emt 0:00:02]} 34. Qxf2 {[%emt 0:00:02]} Qc7 {[%emt 0:00:14]} 35. g3 {[%emt 0:00:31]} Nh3+ {[%emt 0:00:02]} 0-1

[Event "FIDE Womens World Cup 2021"]
[Site "Sochi"]
[Date "2021.07.20"]
[Round "3.6"]
[White "Muzychuk, Mariya"]
[Black "Ushenina, Anna"]
[Result "1-0"]
[WhiteElo "2550"]
[BlackElo "2429"]
[Annotator "TA"]
[PlyCount "93"]
[EventDate "2021.07.12"]
[EventType "k.o."]
[EventCountry "RUS"]
[SourceTitle "playchess.com"]
[Source "ChessBase"]
[SourceQuality "1"]

{[%evp 10,93,41,35,68,43,42,31,35,30,33,-9,-10,-36,-29,-29,-23,-47,-11,-31,-27,-33,-35,-30,-22,-32,0,-47,0,0,0,-8,0,0,27,23,12,-37,-24,-58,-50,-81,-2,-23,0,-101,0,6,226,86,206,189,174,144,220,221,221,221,216,194,376,281,311,317,653,477,593,593,6125,6215,4339,584,1985,1875,29973,29974,29980,29981,29981,29982,29982,29983,29983,29984,29984,29984]} 1. e4 e5 2. Nf3 Nf6 3. Nxe5 d6 4. Nf3 Nxe4 5. Nc3 Nf6 6. d4 g6 {C42: Petroff Defence: 3 Nxe5 and unusual White 3rd moves.} 7. Bc4 d5 8. Qe2+ Be6 $1 {White is slightly better.} 9. Bb3 c6 {[#]} 10. Bg5 $146 ({Predecessor:} 10. Ng5 Qd7 11. O-O Bg7 12. Nxe6 Qxe6 13. Qxe6+ fxe6 14. Ne2 Nbd7 15. Nf4 Kf7 16. Nd3 {½-½ (29) Grandelius,N (2691)-Rakhmanov,A (2606) Khanty Mansiysk 2019}) 10... Bg7 11. h4 h6 12. Bf4 Nbd7 13. O-O-O Kf8 (13... a5 {looks sharper.} 14. a4 O-O 15. Qd2 Kh7 16. Ne5 Nh5) 14. Ne5 Nxe5 15. dxe5 Nd7 16. h5 g5 17. Bg3 b5 18. f4 Nc5 19. Rhf1 gxf4 20. Bxf4 a5 21. Qf2 Nxb3+ 22. cxb3 Qe7 23. Qb6 Rc8 24. Qxa5 Kg8 25. Qb6 b4 ({Black should try} 25... Bg4 $17 {Strongly threatening ...b4.} 26. Rd2 Bxh5) 26. Na4 $1 $11 c5 (26... Bg4 {keeps more tension.} 27. Rd4 Bxh5 28. Kb1 Kh7 29. Ka1 Bg6) 27. Qd6 (27. Kb1 $11) 27... Qxd6 ({Black should play} 27... Qe8 $1 $17 28. Qb6 (28. Nxc5 $2 Rc6 $19) 28... c4) 28. exd6 {d7! is the strong threat.} d4 $2 {[#]} (28... Rc6 $11 {and Black stays safe.}) 29. Rd2 (29. Kd2 $1 $18 {and White stays clearly on top.}) 29... c4 {[#]} (29... Kh7 $16 {was worth a try.}) 30. bxc4 $1 $18 Rxc4+ 31. Rc2 Rxc2+ (31... Kh7 $16 32. Nb6 Rxc2+ 33. Kxc2 Bf6) 32. Kxc2 Kh7 33. Kd2 Bxa2 34. Nc5 {Threatens to win with b3.} Bf6 $2 (34... Bc4 35. Rc1 Bd5) 35. Bxh6 Kxh6 36. Rxf6+ {[%mdl 4096] Endgame KRB-KRN} Kg7 $2 (36... Kg5 37. Rf2 Kxh5) 37. Rf5 Be6 38. Rg5+ Kh6 39. Nxe6 fxe6 {KR-KR} 40. Re5 (40. Rg6+ $142 Kxh5 41. Rxe6) 40... Rd8 41. Rxe6+ Kxh5 42. Kd3 {White mates.} Rg8 43. d7 Rd8 44. Rd6 Kg5 45. Kxd4 Kf5 46. Kd5 b3 47. Kc6 {Weighted Error Value: White=0.47/Black=0.53} 1-0